000 00227nam a2200097Ia 4500
008 220204s9999 xx 000 0 und d
082 _a82-3
_bKEE
100 _aKeene, Carolyn
245 0 _aClue in the old stagecoach
942 _cBK
999 _c32914
_d32914